000 00628nam a22001817a 4500
005 20251108173616.0
008 250721s2006 xx 000 0 ara d
082 1 4 _a417.962/زيد
100 1 _aأبو زيد، محمود
245 1 0 _aاللغة في الثقافة والمجتمع مع تصور مبدئى لمشروع أطلس اللهجات الاجتماعية في مصر /
264 1 _aالقاهرة :
_bدار غريب للطباعة والنشر،
_c2006.
300 _a319ص.
650 1 7 _aاللغه العربيه
650 1 7 _aمصر
650 1 7 _aاللهجات
942 _2ddc
_cBK
999 _c108039
_d108039